000 00541nmm a2200169Ia 4500
008 251105s9999||||xx |||||||||||||||||und||
020 _a9788446039617
041 _aspa
100 _aDomènech Sampere, Xavier
245 0 _aHegemonías : Crisis, movimientos de resistencia y procesos políticos (2010-2013)
264 _a[Madrid, España] :
_bAkal,
_c2014
300 _a320 páginas
490 _aPensamiento crítico
650 _aPolitical Science (General)
856 _uhttps://public.digitaliapublishing.com/a/37673
942 _cCF
999 _c82982
_d82982